Monet / (Record no. 56949)

MARC details
000 -LEADER
campo de control de longitud fija 00716nam a2200229 i 4500
001 - NÚMERO DE CONTROL
campo de control 56949
003 - IDENTIFICADOR DE NÚMERO DE CONTROL
campo de control ES-MaACL
005 - FECHA Y HORA DE LA ÚLTIMA TRANSACCIÓN
campo de control 20250624144948.0
007 - CAMPO FIJO DE DESCRIPCIÓN FÍSICA--INFORMACIÓN GENERAL
campo de control de longitud fija t|
008 - DATOS DE LONGITUD FIJA--INFORMACIÓN GENERAL
campo de control de longitud fija 031014s1966 sp ac ||||1| spa d
080 ## - NÚMERO DE LA CLASIFICACIÓN DECIMAL UNIVERSAL
Número de la Clasificación Decimal Universal 75 Monet, Claude
100 1# - ENTRADA PRINCIPAL--NOMBRE DE PERSONA
Nombre de persona Taillandier, Yvon.
9 (RLIN) 145663
245 10 - MENCIÓN DEL TÍTULO
Título Monet /
Mención de responsabilidad, etc. por Yvon Taillandier ; [traducción de Juan Massot Gimeno].
260 ## - PUBLICACIÓN, DISTRIBUCIÓN, ETC.
Lugar de publicación, distribución, etc. Madrid [etc.] :
Nombre del editor, distribuidor, etc. Daimon, Manuel Tamayo,
Fecha de publicación, distribución, etc. cop. 1966.
300 ## - DESCRIPCIÓN FÍSICA
Extensión 94, [1] p. :
Otras características físicas il. col. y n. ;
Dimensiones 29 cm.
500 ## - NOTA GENERAL
Nota general Índice.
504 ## - NOTA DE BIBLIOGRAFÍA, ETC.
Nota de bibliografía, etc. Bibliografía: p. 94.
600 14 - PUNTO DE ACCESO ADICIONAL DE MATERIA--NOMBRE DE PERSONA
Nombre de persona Monet, Claude,
Fechas asociadas al nombre 1840-1926
9 (RLIN) 240987
700 1# - ENTRADA AGREGADA--NOMBRE PERSONAL
Nombre de persona Massot Gimeno, Juan.
9 (RLIN) 78859
852 ## - LOCALIZACIÓN
Ubicación ES-MaACL
Número de control de estantería E-14696
Encuadernación Olim P-1262
Holdings
Estatus retirado Estado de pérdida Estado de daño No para préstamo Biblioteca de origen Biblioteca actual Ubicación en estantería Fecha de adquisición Fuente de adquisición Total de préstamos Signatura topográfica completa Código de barras Visto por última vez Precio de reemplazo Tipo de ítem Koha
        Biblioteca del Ateneo de Madrid Biblioteca del Ateneo de Madrid Depósito 2 17/01/2008     C-27562 1059803 23/02/2023 23/02/2023 Libro impreso